UM Logo

Thinking creative writing : (Record no. 16615)

MARC details
000 -LEADER
fixed length control field 00479nam a2200145 4500
008 - FIXED-LENGTH DATA ELEMENTS--GENERAL INFORMATION
fixed length control field 220302b ||||| |||| 00| 0 eng d
020 ## - INTERNATIONAL STANDARD BOOK NUMBER
International Standard Book Number 9780367730543
082 ## - DEWEY DECIMAL CLASSIFICATION NUMBER
Edition number 2020
Classification number DC 808
Item number T348
245 ## - TITLE STATEMENT
Title Thinking creative writing :
Remainder of title critique from the international new writing journal /
Statement of responsibility, etc. Edited by Graeme Harper.
260 ## - PUBLICATION, DISTRIBUTION, ETC. (IMPRINT)
Place of publication, distribution, etc. London :
Name of publisher, distributor, etc. Routledge ;
Date of publication, distribution, etc. ©2020.
300 ## - PHYSICAL DESCRIPTION
Extent x, 99 pages ;
Other physical details 24 cm.
500 ## - GENERAL NOTE
General note Includes index.
650 ## - SUBJECT ADDED ENTRY--TOPICAL TERM
Topical term or geographic name as entry element Creative writing.
9 (RLIN) 8602
942 ## - ADDED ENTRY ELEMENTS (KOHA)
Source of classification or shelving scheme Dewey Decimal Classification
Koha item type Circulation
Holdings
Withdrawn status Lost status Source of classification or shelving scheme Damaged status Not for loan Collection code Home library Current library Shelving location Date acquired Source of acquisition Cost, normal purchase price Total Checkouts Full call number Barcode Date last seen Copy number Price effective from Koha item type
    Dewey Decimal Classification     Circulation UM Digos College - LIC UM Digos College - LIC Book Cart 02/10/2022 Purchased 5549.00   DC 808 T348 2020 26335 05/15/2025 1 03/02/2022 Circulation